000 00928nam a2200265 i 4500
001 bg
100 1 _aPODCZARSKI, Stanisław
245 1 0 _aStrategiczne kierunki restrukturyzacji gospodarki regionalnej /
_cStanisław Podczarski.
260 _aCzęstochowa :
_bWydaw. PC,
_c1997.
300 _a82, [2] s. ;
_c24 cm.
490 1 _aMonografie / Politechnika Częstochowska,
_x0860-5017 ;
_vnr 49
504 _aBibliogr. s. 78-[83].
650 9 _aGospodarka terenowa
_zPolska
_yod 1989 r.
650 9 _aRegionalizacja gospodarcza
_zPolska
_yod 1989 r.
651 9 _aCzęstochowa (okręg)
_xgospodarka
_yod 1989 r.
710 0 _aPOLITECHNIKA CZĘSTOCHOWSKA (Częstochowa)
830 0 _aMonografie (Politechnika Częstochowska) ;
_vnr 49
020 _a8371930003
040 _cBPK
041 0 _apl
080 _a334.01:65.011.8:332.1
920 _a83-7193-000-3
942 _cKS
008 s pl f |000 0 pol
999 _c32799
_d32799
856 _uhttp://koha.tu.koszalin.pl/cgi-bin/koha/opac-detail.pl?biblionumber=32799
_yKatalog online BPK